000 00721nam a22002057a 4500
999 _c17944
_d17944
003 OSt
005 20231027133839.0
008 230207b ||||| |||| 00| 0 eng d
040 _c0
082 _aDPer 510.5 Am351 October - December 2021 v143 no. 5-6
100 _aCorbett, Andrew.
_eauthor.
_947786
245 _aVoronoï summation for GLn :
_bcollusion between level and modulus /
_cAndrew Corbett
260 _aBaltimore, MaryLand U.S.,
_bJohns Hopkins University Press,
_cOctober 2021.
300 _avolume 143, pages 1361-1395.
650 _aNumber theory.
_947787
650 _aMathematical notation.
_947730
650 _aFunctions.
_947788
700 _aCorbett, Andrew.
_eauthor.
_947786
942 _2ddc
_cPER